000 00241nam a2200097Ia 4500
001 1011200
005 20250826230735.0
008 250824s9999 xx 000 0 und d
245 0 _aKIYISIZLAR
_cKAHRAMAN TAZEOĞLU
260 _bDESTEK YAYINLARI
999 _c1011200
_d1011200